000 00786nam a22002297a 4500
003 UA-OsUOA
001 105295
007 ta
008 20140224b un ||||| |||| 00| 0 ukr d
090 _a343.35(075.8)
_bЗ-38
942 _cBK
040 _aUA-OsUOA
_bukr
_cUA-OsUOA
_dUA-OsUOA
245 _aЗахистити своє право від корупції
_bнавчально-методчиний посібник
_cВ. Самолюк, А. Філіп'єв, Ю. Березюк
300 _a148 с.
955 _a2
041 _aukr
080 _a343.35(075.8)
591 _aБФ "Правничі ініціативи"
260 _aОстрог
_bНаУОА
_c2007
650 7 _a343 Кримінальне право. Карні порушення
_2UDC
999 _c391423
_d391423